000 00976naa a22002897a 4500
001 BR8807395
003 BR-BrBNA
005 20240918180341.0
007 ta
008 230509b bl.||||| |||| 00| 0 por d
040 _aBR-BrBNA
_bpor
_cBiblioteca Nacional de Agricultura
041 _a(Pt)
072 _aH20
_b1540
_b4150
090 _aH20 BR8807395
100 1 _aTakatsu, A.
245 1 _aDoencas causadas por virus e micoplasma [mandioca]
260 3 _aCruz das Almas, BA (Brasil):
_c1976.
500 _a1. Curso intensivo nacional de mandioca [Manihot esculenta] Cruz das Almas, BA (Brasil): 1976. p. 426-431 (BR8807395-AM)H20
650 _aMANDIOCA
650 _aVIRUS
650 _aMOSAICO
650 _aDISTRIBUICAO GEOGRAFICA
650 _aSINTOMA
773 0 _t1. Curso intensivo nacional de mandioca [Manihot esculenta]
_wH20 BR8807395
_gCruz das Almas, BA (Brasil), 1976. p. 426-431
909 _a202404
_bLucia
_c55
_dLucia Elande
942 _cAM
_2AGRIS
999 _c319962
_d319962